Kancléř Adenauer
Gespeichert in:
| 1. Verfasser: | |
|---|---|
| Format: | Buch |
| Sprache: | Tschechisch |
| Veröffentlicht: |
Praha
IRMA
1995
|
| Ausgabe: | 1. vyd. |
| Schlagworte: | |
| Tags: |
Keine Tags, Fügen Sie das erste Tag hinzu!
|
MARC
| LEADER | 00000nam a2200000 4500 | ||
|---|---|---|---|
| 001 | c012151 | ||
| 005 | 20230227120145.5 | ||
| 020 | |a 80-901353-3-1 | ||
| 041 | 0 | |a cze | |
| 044 | |a CZ | ||
| 245 | 1 | 0 | |a Kancléř Adenauer |c Miloslav Novák |
| 250 | |a 1. vyd. | ||
| 264 | 1 | |a Praha |b IRMA |c 1995 | |
| 300 | |a 182 s. | ||
| 610 | 2 | 0 | |a politika |
| 610 | 2 | 0 | |a životopisy |
| 610 | 2 | 0 | |a politika vnútorná |
| 610 | 2 | 0 | |a politika zahraničná |
| 610 | 2 | 0 | |a história |
| 610 | 2 | 0 | |a Nemecko |
| 610 | 2 | 0 | |a Adenauer, K. |
| 100 | 1 | |a Novák, Miloslav | |